000
00324nam a2200133Ia 4500
008
231129s1997||||xx |||||||||||||| ||spa||
040
_b
spa
082
_a
100 P769
100
_a
Politzer Georges
245
0
_a
Curso de filosofia : Principios fundamentales
260
_c
1997
264
_a
Ediciones Pepe
942
_2
ddc
_c
BKS
999
_c
8660
_d
8660